[Event "ZH-2014-0-01264"]
[Site "LSS email"]
[Date "2014.08.04"]
[Round "?"]
[White "Knittel, Martin"]
[Black "Shchebenyuk, Nina Grigoryevna"]
[Result "1/2-1/2"]
[WhiteElo "2109"]
[BlackElo "2026"]
[PlyCount "54"]
[EventDate "2014.07.26"]
[EventType "match (corr)"]
[EventRounds "2"]
[EventCountry "GER"]
[SourceTitle "Corr 2015"]
[Source "ChessBase"]
[SourceDate "2015.07.17"]
[SourceVersion "1"]
[SourceVersionDate "2015.07.17"]
[SourceQuality "1"]

1. e4 e6 2. d4 d5 3. Nc3 Nf6 4. e5 Nfd7 5. f4 c5 6. Nf3 Nc6 7. Be3 a6 8. g3 cxd4 9. Nxd4 Bc5 10. Qd2 0-0 11. Bg2 Nxd4 12. Bxd4 Bxd4 13. Qxd4 Nb8 14. Qf2 Nc6 15. 0-0 Bd7 16. Ne2 Rc8 17. c3 h6 18. Rfd1 Qc7 19. Bf3 Na5 20. Rac1 Rfd8 21. Kg2 Bb5 22. Nd4 Bd7 23. Be2 Qb6 24. Bd3 Re8 25. Re1 Nc6 26. Nb3 Qxf2+ 27. Kxf2 Ne7 1/2-1/2

[Event "ZH-2014-0-01265"]
[Site "LSS email"]
[Date "2014.08.04"]
[Round "?"]
[White "Shchebenyuk, Nina Grigoryevna"]
[Black "Sherwood, Russell"]
[Result "1/2-1/2"]
[WhiteElo "2026"]
[BlackElo "2101"]
[PlyCount "43"]
[EventDate "2014.07.27"]
[EventType "match (corr)"]
[EventRounds "2"]
[EventCountry "GER"]
[SourceTitle "Corr 2015"]
[Source "ChessBase"]
[SourceDate "2015.07.17"]
[SourceVersion "1"]
[SourceVersionDate "2015.07.17"]
[SourceQuality "1"]

1. e4 c5 2. Nf3 d6 3. d4 cxd4 4. Nxd4 Nf6 5. Nc3 a6 6. Be2 e5 7. Nb3 Be7 8. 0-0 0-0 9. Be3 Be6 10. Qd3 Nbd7 11. Nd5 Bxd5 12. exd5 Rc8 13. c4 Ne8 14. Qd2 f5 15. f3 f4 16. Bf2 Bh4 17. Bxh4 Qxh4 18. Qb4 Rc7 19. Bd3 b6 20. Nd2 Qe7 21. Ne4 Nc5 22. Nxc5 1/2-1/2

[Event "ZH-2014-0-01256"]
[Site "LSS email"]
[Date "2014.07.22"]
[Round "?"]
[White "Shchebenyuk, Nina Grigoryevna"]
[Black "Lubas, Jozef"]
[Result "1/2-1/2"]
[WhiteElo "2026"]
[BlackElo "2059"]
[PlyCount "111"]
[EventDate "2014.07.16"]
[EventType "match (corr)"]
[EventRounds "2"]
[EventCountry "GER"]
[SourceTitle "Corr 2015"]
[Source "ChessBase"]
[SourceDate "2015.07.17"]
[SourceVersion "1"]
[SourceVersionDate "2015.07.17"]
[SourceQuality "1"]

1. e4 e5 2. Nf3 Nc6 3. Bb5 a6 4. Ba4 Nf6 5. 0-0 Be7 6. Re1 b5 7. Bb3 0-0 8. c3 d6 9. h3 Na5 10. Bc2 c5 11. d4 cxd4 12. cxd4 Qc7 13. Nbd2 Bb7 14. d5 Rfc8 15. Bd3 Nc4 16. Nxc4 bxc4 17. Bf1 a5 18. Re3 a4 19. Nd2 Bd8 20. Nxc4 Ba6 21. b3 Bxc4 22. bxc4 Qa7 23. Bd3 Bb6 24. Rf3 Bd4 25. Rb1 Nd7 26. Rb5 Nc5 27. Ba3 Qc7 28. Bc2 Nd7 29. Qe2 g6 30. Bd3 Nc5 31. Bb1 Nd7 32. Kh2 Ra7 33. Bd3 Nc5 34. Bc2 Nd7 35. Qf1 Bc5 36. Bxc5 Nxc5 37. Qb1 Ra5 38. Qb4 Raa8 39. Ra3 Kg7 40. f3 h5 41. Qe1 Rab8 42. Bd1 Qe7 43. Qb4 Rxb5 44. cxb5 Qg5 45. Qb2 h4 46. Kg1 Qf4 47. Qc2 Nb3 48. Qxc8 Qe3+ 49. Kh2 Qf4+ 50. Kh1 Qd2 51. Be2 Qe1+ 52. Kh2 Qg3+ 53. Kg1 Qe1+ 54. Kh2 Qg3+ 55. Kg1 Qe1+ 56. Kh2 1/2-1/2

[Event "SA-2014-0-00418"]
[Site "LSS email"]
[Date "2014.07.20"]
[Round "?"]
[White "Gruber, Rudolf"]
[Black "Shchebenyuk, Nina Grigoryevna"]
[Result "1/2-1/2"]
[WhiteElo "2146"]
[BlackElo "2008"]
[PlyCount "46"]
[EventDate "2014.07.06"]
[EventType "tourn (corr)"]
[EventRounds "6"]
[EventCountry "GER"]
[SourceTitle "Corr 2015"]
[Source "ChessBase"]
[SourceDate "2015.07.17"]
[SourceVersion "1"]
[SourceVersionDate "2015.07.17"]
[SourceQuality "1"]

1. e4 e6 2. d4 d5 3. Nc3 Nf6 4. Bg5 dxe4 5. Nxe4 Nbd7 6. Nf3 h6 7. Nxf6+ Nxf6 8. Bxf6 Qxf6 9. Bd3 Bd6 10. Qe2 Bd7 11. 0-0 0-0-0 12. b4 Qf4 13. b5 Rhe8 14. g3 Qg4 15. Qe3 f6 16. Ne5 fxe5 17. dxe5 Kb8 18. exd6 cxd6 19. c4 Qg5 20. Qd4 d5 21. Qb2 Qf6 22. Qxf6 gxf6 23. cxd5 exd5 1/2-1/2

[Event "BdF-Diamant 05 email"]
[Site "GER email"]
[Date "2014.06.25"]
[Round "?"]
[White "Achatz, Kirstin"]
[Black "Shchebenyuk, Nina Grigoryevna"]
[Result "1/2-1/2"]
[WhiteElo "2268"]
[BlackElo "2136"]
[PlyCount "54"]
[EventDate "2014.??.??"]
[EventType "tourn (corr)"]
[EventRounds "16"]
[EventCountry "GER"]
[SourceTitle "Corr 2017"]
[Source "ChessBase"]
[SourceDate "2017.09.19"]
[SourceVersion "1"]
[SourceVersionDate "2017.09.19"]
[SourceQuality "1"]

1. d4 Nf6 2. c4 e6 3. Nc3 Bb4 4. Qc2 0-0 5. Nf3 c5 6. dxc5 Na6 7. c6 bxc6 8. a3 Bxc3+ 9. Qxc3 Nc5 10. b4 Nce4 11. Qb2 d5 12. c5 Qc7 13. g3 Re8 14. Bf4 Qb7 15. Rb1 Ng4 16. h3 e5 17. hxg4 exf4 18. gxf4 a5 19. Nd4 Qc7 20. e3 axb4 21. axb4 Bxg4 22. Rg1 h5 23. Be2 Nf6 24. Bxg4 hxg4 25. Kf1 Qc8 26. Ra1 Rxa1+ 27. Qxa1 Qb7 1/2-1/2

[Event "BdF-Diamant 05 email"]
[Site "GER email"]
[Date "2014.06.25"]
[Round "?"]
[White "Bolz, Barbara"]
[Black "Shchebenyuk, Nina Grigoryevna"]
[Result "1/2-1/2"]
[WhiteElo "2269"]
[BlackElo "2136"]
[PlyCount "44"]
[EventDate "2014.??.??"]
[EventType "tourn (corr)"]
[EventRounds "16"]
[EventCountry "GER"]
[SourceTitle "Corr 2017"]
[Source "ChessBase"]
[SourceDate "2017.09.19"]
[SourceVersion "1"]
[SourceVersionDate "2017.09.19"]
[SourceQuality "1"]

1. d4 Nf6 2. c4 e6 3. Nf3 d5 4. Nc3 c6 5. e3 Nbd7 6. Bd3 dxc4 7. Bxc4 b5 8. Be2 Bb7 9. 0-0 Be7 10. e4 b4 11. e5 bxc3 12. exf6 Bxf6 13. bxc3 c5 14. dxc5 0-0 15. Ba3 Be7 16. Qd4 Qc7 17. Rab1 Rab8 18. c6 Bxa3 19. cxd7 Bc5 20. Qd2 Rfd8 21. Bb5 Bxf3 22. gxf3 Qe5 1/2-1/2

[Event "BdF-Diamant 05 email"]
[Site "GER email"]
[Date "2014.06.25"]
[Round "?"]
[White "Shchebenyuk, Nina Grigoryevna"]
[Black "Koch, Daniela"]
[Result "1-0"]
[WhiteElo "2136"]
[BlackElo "2092"]
[PlyCount "31"]
[EventDate "2014.??.??"]
[EventType "tourn (corr)"]
[EventRounds "16"]
[EventCountry "GER"]
[SourceTitle "Corr 2015"]
[Source "ChessBase"]
[SourceDate "2015.07.17"]
[SourceVersion "1"]
[SourceVersionDate "2015.07.17"]
[SourceQuality "1"]

1. e4 c5 2. Nf3 d6 3. d4 cxd4 4. Nxd4 Nf6 5. Nc3 a6 6. Be2 e5 7. Nb3 Be7 8. 0-0 0-0 9. Be3 Be6 10. Qd3 Nc6 11. a3 Rc8 12. Nd5 Nd7 13. Qd2 h6 14. Rfd1 Bh4 15. h3 f5 16. exf5 1-0